000 00923cam a22001814a 4500
005 20250605164402.0
008 250528s ||||||||||||||||||||||||d
035 _a24631
040 _aGR-AtMCL
_bgre
_dGR-AtMCL
_eAACR2
245 1 _aΠαράθυρο στην Εκπαίδευση του Παιδιού /
260 _bAcademic Press,
_c2012
300 _a136
520 _aΘεατρικό: Ο Χρόνος το 'Σκασε, Συναισθηματική Νοημοσύνη: Η μη Λεκτική Επικοινωνία στο Σχολείο, Θέατρο Σκιών: Το Μαγεμένο Μήλο, Μουσικοκινητική: Ο Τσαγκάρης και οι Καλικάντζαροι, Μουσειακή Αγωγή: Ένας Καλικάντζαρος στο Αρχαιολογικό Μουσείο.
700 1 _aΚουλλιά Καίτη
_99499
942 _cCR
999 _c9499
_d9499